Loading...
The Cambridge companian to Kant/
| Other Authors: | |
|---|---|
| Format: | Printed Book |
| Published: |
Cambridge:
Cambridge University Press,
1997.
|
| Subjects: |
| LEADER | 00543nam a22001571a 4500 | ||
|---|---|---|---|
| 020 | |a 9780521367684 | ||
| 082 | |a 142.3 |b PAU/C | ||
| 245 | |a The Cambridge companian to Kant/ |c by Paul Guyer (ed.) | ||
| 260 | |a Cambridge: |b Cambridge University Press, |c 1997. | ||
| 300 | |a 482p. | ||
| 650 | |a Philosophy Kant |9 93059 | ||
| 650 | |a Philosophy |9 93060 | ||
| 700 | |a Paul Guyer (ed.) |9 93061 | ||
| 942 | |c BK | ||
| 999 | |c 6452 |d 6452 | ||
| 952 | |0 0 |1 0 |4 0 |6 142_300000000000000_N97 |7 0 |9 9842 |a SSUS |b SSUS |d 2015-01-08 |g 1080.00 |o 142.3 N97 |p 007037 |r 2015-01-08 |v 0.00 |w 2015-01-08 |y BK | ||